000 00582cam a22002171 4500
001 sa 67000578
003 DLC
005 20260227112315.0
008 920102s1965 ii 000 0 beno
010 _asa 67000578
035 _a(OCoLC)25038815
040 _aDLC
_cWaU
_dDLC
042 _apremarc
050 0 0 _aPK1663
_b.M25 1965
100 1 _aMajumdar, Mohitlal,
_d1888-1952.
245 1 0 _aBāṃlā prabandha o racanā-rīti.
260 _c[1965]
300 _a4, 4, 186, 236 p.
_c23 cm.
500 _aIn Bengali.
650 0 _aBengali language
_xComposition and exercises.
999 _c72058
_d72058